书目信息 |
| 题名: |
新闻论丛
|
|
| 作者: | ;新华社新闻研究部 编 | |
| 分册: | 1 | |
| 出版信息: | 北京 新华出版社 1981 |
|
| 页数: | 362页 | |
| 开本: | 21cm | |
| 丛书名: | ||
| 单 册: | ||
| 中图分类: | G212-53 , G21 | |
| 科图分类: | ||
| 主题词: | 新闻工作--文集 | |
| 电子资源: | ||
| ISBN: | ||
| 000 | 00638nam0 2200241 45 | |
| 001 | 1574261019 | |
| 005 | 20150121203832.78 | |
| 010 | @dCNY1.10 | |
| 091 | @aCN@b7203.002 | |
| 100 | @a19950224d1981 em y0chiy0121 ea | |
| 101 | 0 | @achi |
| 102 | @aCN@b110000 | |
| 105 | @ay z 000yy | |
| 200 | 10 | @a新闻论丛@Axin wen lun cong@h1@f新华社新闻研究部编 |
| 210 | @a北京@c新华出版社@d1981 | |
| 215 | @a362页@d21cm | |
| 606 | @a新闻工作@x文集 | |
| 690 | @aG212-53@v3 | |
| 690 | @aG21@v4 | |
| 711 | 02 | @a新华社新闻研究部@Axin hua she xin wen yan jiu bu@4编 |
| 801 | 0 | @aCN@bTSSF@c20150121 |
| 801 | 2 | @aCN@bNLC |
| 905 | @aZUCC@dG21@eJY10:1 | |
| 新闻论丛.1/新华社新闻研究部编.-北京:新华出版社,1981 |
| 362页;21cm |
| ISBN :CNY1.10 |
| ● |
| 相关链接 |
|
|
|
|
正题名:新闻论丛
索取号:G21/JY10:1
 
预约/预借
| 序号 | 登录号 | 条形码 | 馆藏地/架位号 | 状态 | 备注 |
| 1 | 7840970 | 278409704 | 学院路分馆/ [索取号:G21/JY10:1] | 在馆 |